000
00271nam a2200121Ia 4500
005
20251222154332.0
008
251222s9999||||xx |||||||||||||| ||spa||
082
_a
860/A62A
100
_a
AnĂ³nimo
245
0
_a
El Lazarillo de Tormes
264
_b
Mercurio
942
_c
LIB
999
_c
34176
_d
34176